Phương pháp giải các bài toán trong tin học
Giới thiệu các bước tổng quát để giải một bài toán trên máy tính. Nêu các dạng toán cơ bản trong tin học và các giải thuật cơ bản để giải quyết các dạng toán đó. Một số bài toán tổng hợp để học sinh rèn luyện
Bewaard in:
| Hoofdauteur: | |
|---|---|
| Andere auteurs: | |
| Formaat: | Boek |
| Taal: | Vietnamese |
| Gepubliceerd in: |
H.
Giáo dục
1997
|
| Onderwerpen: | |
| Tags: |
Voeg label toe
Geen labels, Wees de eerste die dit record labelt!
|
| Thư viện lưu trữ: | Mạng thư viện Đại học Đà Nẵng |
|---|
| LEADER | 01492aam a22003618a 4500 | ||
|---|---|---|---|
| 001 | 000013015 | ||
| 003 | 9346 | ||
| 005 | 20120306100348.0 | ||
| 008 | 120306s1997 viesd | ||
| 020 | |c 20000đ |d 2000b | ||
| 041 | |a vie | ||
| 082 | |2 14 |a 004.01 |b TR-H | ||
| 084 | |a F973z72 |b PH561P | ||
| 100 | 0 | |a Trần. Đức Huyên |e Biên soạn | |
| 245 | 0 | 0 | |a Phương pháp giải các bài toán trong tin học |c Trần Đức Huyên b.s. |
| 260 | |a H. |b Giáo dục |c 1997 | ||
| 300 | |a 379tr. |b hình vẽ |c 21cm | ||
| 520 | |a Giới thiệu các bước tổng quát để giải một bài toán trên máy tính. Nêu các dạng toán cơ bản trong tin học và các giải thuật cơ bản để giải quyết các dạng toán đó. Một số bài toán tổng hợp để học sinh rèn luyện | ||
| 650 | 7 | |2 Bộ TK TVQG |a Tin học | |
| 650 | 7 | |2 Bộ TK TVQG |a Phổ thông trung học | |
| 650 | 7 | |2 Bộ TK TVQG |a Toán | |
| 655 | 7 | |2 Bộ TK TVQG |a Sách đọc thêm | |
| 700 | 0 | |a Trần Đức Huyên |e b.s. | |
| OWN | |a LSP | ||
| AVA | |a UDN50 |b LSP |d 004.01 TR-H |e available |t Error 5001 Not defined in file expand_doc_bib_avail. |f 3 |g 0 |h N |i 0 |k 1 | ||
| 999 | |a From the UDN01 | ||
| AVA | |a UDN50 |b LSP |d 004.01 TR-H |e available |t Error 5001 Not defined in file expand_doc_bib_avail. |f 3 |g 0 |h N |i 0 |k 1 | ||
| TYP | |a Monograph | ||
| TYP | |a Printed language | ||
| 980 | |a Mạng thư viện Đại học Đà Nẵng | ||